LEADER 01741nas a2200241 i 4500
001 000000355088
003 CaOOAMICUS
005 20230824113757.0
008 230824d19341940be qr p u0 a0fre r
022 $a1370-5113
040 $aSeMil$bita
245 00$aRevue néoscolastique de philosophie. Répertoire bibliographique /$cInstitut supérieur de philosophie.
260 $aLouvain :$bInstitut supérieur de philosophie de l'Université,$c1934-1940.
362 0 $a1934-1940
510 4 $aCod. rivista ACNP:$cP 00204088
710 0 $aInstitut supérieur de philosophie de l'Université Catholique de Louvain.$0(OLS)http://semarc/name/2223
785 00$tRevue philosophique de Louvain. Supplément. Répertoire bibliographique.$dLouvain : Institut supérieur de philosophie de l'Université, 1946-1948.$x1370-5113$w()355087
850 $aSeMil
852 $aSeMil$W1$xVenegono$y1$pCliccare per visualizzare collocazione e posseduto cumulativo
Cliccare per visualizzare eventuali spogli (alla eventuale voce ?Indici? in fondo di pagina)$B246375$CSeMilBibl$Z2$F246375 $85
996 $6022$a1370-5113$9(OLS)http://semarc/number/298700
996 $6245$aRevue néoscolastique de philosophie. Répertoire bibliographique$9(OLS)http://semarc/title/445256
996 $6260$aLouvain :$bInstitut supérieur de philosophie de l'Université$9(OLS)http://semarc/publisher/33980
LEADER 00940nam a2200217 i 4500
001 000000227433
003 CaOOAMICUS
005 20140225000000.0
008 140225s1950 it u000 u ita u
013 $a206335
040 $aSeMil$bita
100 1 $aRinaldi, Giovanni,$c.$0(OLS)http://semarc/name/1752
245 13$aLe lettere ai Tessalonicesi. Lettura di S. Paolo /$cP. Giovanni Rinaldi dei Somaschi.
260 $aMilano :$bVita e Pensiero,$c1950.
300 $aXII, 175 p. ;$c20 cm.
500 $aContiene : Nota cronologica ; Nota bibliografica.
650 4$aBibbia - NT - Lettere ai Tessalonicesi.$0(OLS)http://semarc/subject/6028
850 $aSeMil
852 $aSeMil$W1$xVenegono$y1$m2Y I 47$j177779$B177779$CSeMilBibl$Z2$F188628 $81
996 $6245$aLe lettere ai Tessalonicesi. Lettura di S. Paolo$9(OLS)http://semarc/title/325524
996 $6260$aMilano :$bVita e Pensiero$9(OLS)http://semarc/publisher/29642